| 000 | 01092nam a2200433Ia 4500 | ||
|---|---|---|---|
| 001 | 140704 | ||
| 003 | 232976 | ||
| 005 | 20241024062713.0 | ||
| 008 | ||||||n9999 ||| || || | ||
| 082 | _a658 | ||
| 100 |
_aKets de Vries, Manfred F.R _992633 |
||
| 245 | 0 |
_aLos nuevos líderes globales _bRichard Branson, Percy Barnevik, David Simon _cManfred F. R. Kets Vries, Elizabeth Florent-Treacy ; traducción Efraín Sánchez |
|
| 504 | _aIncluye bibliografía | ||
| 562 | _e1 | ||
| 650 | 0 |
_aAdministración de empresas _91521 |
|
| 650 |
_aBARNEVIK, PERCY _9172325 |
||
| 650 |
_aBRANSON, RICHARD, 1950- _9172326 |
||
| 650 |
_aSIMÓN, DAVID, 1951- _9172327 |
||
| 942 | _cBKM | ||
| 999 |
_c140704 _d140704 |
||
| 526 | _a17598 | ||
| 526 | _a102617 | ||
| 526 | _a102618 | ||
| 526 | _a15794 | ||
| 526 | _a102620 | ||
| 526 | _a10406 | ||
| 526 | _a105630 | ||
| 526 | _a1698 | ||
| 526 | _a116204 | ||
| 526 | _a4969 | ||
| 526 | _a19790 | ||
| 526 | _a104436 | ||
| 526 | _a5144 | ||
| 526 | _a51868 | ||
| 526 | _a3899 | ||
| 526 | _a9683 | ||
| 526 | _a | ||
| 526 | _a1703 | ||
| 526 | _a1697 | ||